Here To Stay - Korn lyrics - Statistics

General Stats
  • This quiz has been taken 45 times
  • The average score is 230 of 328
Answer Stats
Answer % Correct
I
97%
A
95%
It
95%
I’m
92%
The
92%
Away
87%
To
87%
Here
84%
In
84%
Take
84%
This
84%
This,
84%
Way
84%
Stay
82%
Down
79%
My
79%
Time,
79%
Time
79%
Got
76%
Taking
76%
Can
74%
Into
74%
Me
74%
Pain
74%
Pain,
74%
Problem
74%
All
71%
Hating
71%
Hurt
71%
Is
71%
Ive
71%
I’ve
71%
Not
71%
Not,
71%
Again
68%
And
68%
Bring
68%
Feelings
68%
Inside
68%
Mirror
68%
So
68%
As
66%
Bash
66%
By
66%
Elevating
66%
Face
66%
Far
66%
Turns
66%
Up
66%
Break
63%
Fucked
63%
Getting
63%
With
63%
Anticipating
61%
Anymore
61%
anymore
61%
Gone
61%
See
61%
Whore
61%
Fading
58%
Gonna
58%
Have
58%
Shit’s
58%
State
58%
Too
58%
Cannot
55%
Design
55%
Line
55%
Oh,
55%
Won’t
55%
Back
53%
Give
53%
Mine
53%
What’s
53%
Blade
50%
Closer
47%
Cut
47%
Each
47%
Grieve
47%
grieve
47%
Throw
47%
Waiting
47%
Guiding
45%
Question
45%
Vein
45%
Vein,
45%
Been
42%
Everything
42%
Taken
42%
Awaking
39%
Done
39%
Mind’s
39%
Okay
39%
You’ve
39%
For
34%
Paim
8%
No matching quizzes found
Score Distribution
Percent of People with Each Score
Percentile by Number Answered
Your Score History
You have not taken this quiz